Trilogía Divina : (Record no. 4153)

000 -CABECERA
fixed length control field 01122nam a22002417a 4500
003 - IDENTIFICADOR DEL NÚMERO DE CONTROL
control field AR-CdUCM
008 - DATOS DE LONGITUD FIJA--INFORMACIÓN GENERAL
fixed length control field 190308b ||||| |||| 00| 0 spa d
020 ## - NÚMERO INTERNACIONAL ESTÁNDAR DEL LIBRO
ISBN 9786120015667
040 ## - FUENTE DE LA CATALOGACIÓN
Agencia/entidad que catalogó originalmente la obra MUNICIPALIDAD PROVINCIAL DEL CUSCO
Entidad que transcribió la catalogación BIBLIOTECA MUNICIPAL DEL CUSCO
082 ## - NÚMERO DE LA CLASIFICACIÓN DECIMAL DEWEY
No. de Clasificación 726 / H22
Notacion interna H22
100 ## - ENTRADA PRINCIPAL--NOMBRE DE PERSONA
Nombre Personal Harvey Valencia, Armando
245 ## - MENCIÓN DE TÍTULO
Título Trilogía Divina :
Resto del título La Basílica Catedral del Cuzco, la iglesia de la Sagrada Familia y el Triunfo Antología /
Mención de responsabilidad Armando Harvey Valencia, Katherine Harvey Recharte
260 ## - PUBLICACIÓN, DISTRIBUCIÓN, ETC.
Lugar de publicación, distribución, etc. Cusco :
Nombre de la editorial, distribuidor, etc. Universitaria San Antonio Abad del Cusco ,
Fecha de publicación, distribución, etc. 2014.
300 ## - DESCRIPCIÓN FÍSICA
Nº de Páginas Extensión 272 páginas. :
Otros detalles físicos ilustraciones, planos ;
Dimensiones 28 cm.
505 ## - NOTA DE CONTENIDO CON FORMATO
Nota de contenido formateada Contenido : Aspectos Propedeúticos: Antecedentes -- Los Primeros Años de su edificacion -- El Terremoto de 1650 - su terminación e inaguración de la catedral -- El Arte -- Otras novedades e su interior...
650 ## - PUNTO DE ACCESO ADICIONAL DE MATERIA--TÉRMINO DE MATERIA
Descriptor Arquitectura Religiosa
9 (RLIN) 5651
650 ## - PUNTO DE ACCESO ADICIONAL DE MATERIA--TÉRMINO DE MATERIA
Descriptor Arte Barroco
9 (RLIN) 2947
650 ## - PUNTO DE ACCESO ADICIONAL DE MATERIA--TÉRMINO DE MATERIA
Descriptor Arte Cusqueño
9 (RLIN) 13165
650 ## - PUNTO DE ACCESO ADICIONAL DE MATERIA--TÉRMINO DE MATERIA
Descriptor Catedral del Cusco
9 (RLIN) 46672
700 ## - PUNTO DE ACCESO ADICIONAL--NOMBRE DE PERSONA
Nombre Personal Harvey Recharte, Katherine
9 (RLIN) 13166
942 ## - ELEMENTOS DE PUNTO DE ACCESO ADICIONAL (KOHA)
Fuente de clasificación
Tipo de item Libros-BMC
945 ## - PROCESAMIENTO DE INFORMACIÓN LOCAL (OCLC)
Catalogador rtm
Holdings
Estado de retiro (separado) Fuente de clasificación o esquema de estanterías Estado dañado Ubicación Sala donde se ubica Nombre de la colección Fecha de adquisición o compra Costo, precio normal en soles Signatura topográfica Código de Barras Última vez visto (Koha) Tipo de ítem (Koha)
No     Sala Artes Sala Artes Book Cart 2019-03-08 40.00 726 / H22 SA0000000113 2019-03-08 Libros-BMC
No     Sala Artes Sala Artes Book Cart 2019-04-29 40.00 726 / H22 /e.2 SA0000000374 2019-04-29 Libros-BMC

Powered by Koha